El procedimiento administrativo común y la doctrina constitucional

Shranjeno v:
Bibliografske podrobnosti
Glavni avtor: Díez Sánchez, Juan José (Author)
Format: Knjiga
Jezik:španščina
Izdano: Madrid Civitas 1992
Teme:
Oznake: Označite
Brez oznak, prvi označite!

MARC

LEADER 00000nam a2200000 a 4500
001 UCV3537
003 CL-VaPUC
008 930825e19920000SP |||||||||||||||||spa|d
082 0 4 |a 342.066  |b DIE  |2 21 
100 0 |a Díez Sánchez, Juan José  |e author  |9 297771 
245 1 3 |a El procedimiento administrativo común y la doctrina constitucional 
300 |a 334 p 
942 |c BK 
945 |d 19930825 00:00:00 
260 |a Madrid  |b Civitas  |c 1992 
650 0 |a Procedimiento administrativo  |9 256132 
650 0 |a Derecho constitucional   |9 222588 
651 0 |a España  |9 254926 
583 |a last modification  |c 19930825 00:00:00  |k Rodrigo Vera 
999 |c 210702  |d 210700 
952 |0 0  |1 0  |4 0  |6 342_066000000000000_DIE_1992  |7 0  |8 A  |9 187131  |a BIBDER  |b BIBDER  |d 2019-11-14  |i 2548453  |o 342.066 DIE 1992  |p 2548453  |r 2023-01-25  |w 2019-11-14  |y BK  |k DER